[Event "FRA-chT4"]
[Site "France"]
[Date "2013.01.27"]
[Round "5"]
[White "Gaubert, Cedric"]
[Black "Louot, Catherine"]
[Result "1-0"]
[WhiteElo "1719"]
[BlackElo "1519"]
[PlyCount "75"]
[EventDate "2012.10.24"]
[EventType "team-swiss"]
[EventRounds "9"]
[EventCountry "FRA"]
[SourceTitle "EXT 2014"]
[Source "ChessBase"]
[SourceDate "2013.11.20"]
[SourceVersion "1"]
[SourceVersionDate "2013.11.20"]
[SourceQuality "1"]

1. c4 e5 2. Nc3 Nf6 3. g3 Bc5 4. Bg2 0-0 5. Nf3 d6 6. 0-0 Be6 7. d3 c6 8. Ng5 Bd7 9. Rb1 d5 10. cxd5 cxd5 11. Nxd5 Nxd5 12. Bxd5 Nc6 13. Bg2 Qb6 14. Ne4 Be7 15. Be3 Nd4 16. Nd2 Be6 17. b3 Rac8 18. Nc4 Bxc4 19. bxc4 Qa6 20. Bxd4 exd4 21. Bxb7 Qxa2 22. Bxc8 Rxc8 23. Rb7 Bc5 24. Re1 Qa6 25. Rb5 Qf6 26. Qb3 Bd6 27. Rb7 a5 28. Rb5 Bb4 29. Rc1 Qh6 30. Rc2 Ra8 31. c5 Qc6 32. Rb6 Qc7 33. Qc4 Bc3 34. Qb5 a4 35. Ra6 Rb8 36. Qxa4 Rb1+ 37. Kg2 Qb7+ 38. c6 1-0

[Event "Champagne-chT"]
[Site "Ardennes"]
[Date "2005.05.05"]
[Round "6"]
[White "Rognion, Eric"]
[Black "Louot, Catherine"]
[Result "1-0"]
[WhiteElo "1950"]
[BlackElo "1300"]
[PlyCount "51"]
[EventDate "2005.05.05"]
[EventType "team"]
[EventRounds "8"]
[EventCountry "FRA"]
[SourceTitle "EXT 2007"]
[Source "ChessBase"]
[SourceDate "2006.11.23"]
[SourceVersion "1"]
[SourceVersionDate "2006.11.23"]
[SourceQuality "1"]

1. e4 c5 2. d4 cxd4 3. c3 dxc3 4. Nxc3 e5 5. Nf3 Bb4 6. Bc4 Bxc3+ 7. bxc3 Nh6 8. Bxh6 gxh6 9. Nxe5 d5 10. Bxd5 Be6 11. Qa4+ Nd7 12. Bxe6 fxe6 13. Rd1 Qc7 14. Qxd7+ Qxd7 15. Rxd7 Rc8 16. Rxb7 0-0 17. c4 Rc5 18. Nd7 Rxc4 19. Nxf8 Rc1+ 20. Kd2 Rxh1 21. Nxe6 Rxh2 22. Rg7+ Kh8 23. Rxa7 Kg8 24. Rg7+ Kh8 25. Rg3 Rh4 26. Rf3 1-0